| 000 | 01305cab a2200229 4500 | ||
|---|---|---|---|
| 001 | ##L133573 | ||
| 008 | 060519n2006 000 0 eng u | ||
| 035 | _a(Sirsi) u133573 | ||
| 041 | 0 | _aeng | |
| 100 | 1 | _aPatterson, Lindy | |
| 245 | 0 | 2 | _aA contract administrator's duty |
| 260 | _c2006 | ||
| 490 | 0 |
_aConstruction News _v(6967) 18 May 2006, 15(1) |
|
| 520 | _aExamines the role of the contract administrator, who, although appointed and paid by the employer under a building contract, is expected to act as an independent decision-maker. If a contractor is unhappy with the contract administrator's decision, he generally has to rely on the dispute-resolution procedures in the building contract. An application to the court can generally only be made on the grounds of bad faith or excess of power by the contract administrator, although it can sometimes be possible to sue the employer for breach of contract, as being liable for the contract administrator's faults. | ||
| 590 | _aIKA230506 | ||
| 650 | 2 | 4 | _aSUTCLIFFE V THACKRAH |
| 650 | 2 | 4 | _aCOSTAIN LTD AND OTHERS V BECHTEL LTD |
| 650 | 2 | 4 | _aSCHELDEBOUW BV V ST JAMES HOMES (GROSVENOR DOCK) LTD |
| 651 | 4 |
_aEngland and Wales _y1543- |
|
| 690 | _aBUILT ENVIRONMENT-CONSTRUCTION MANAGEMENT-BUILDING CONTRACT ADMINISTRATION | ||
| 942 | _n0 | ||
| 999 |
_c77089 _d77089 |
||